[Event "ISR-chT"]
[Site "Ramat Aviv"]
[Date "2000.05.05"]
[Round "10.1"]
[White "Avrukh, Boris"]
[Black "Kasparov, Garry"]
[Result "1/2-1/2"]
[WhiteElo "2620"]
[BlackElo "2851"]
[Annotator "Avrukh,B"]
[PlyCount "75"]
[EventDate "2000.01.14"]
[EventType "team"]
[EventRounds "11"]
[EventCountry "ISR"]
[SourceTitle "CBM 077"]
[Source "ChessBase"]
[SourceDate "2000.07.27"]
[SourceVersion "1"]
[SourceVersionDate "2000.07.27"]
[SourceQuality "1"]
[WhiteTeam "Beer Sheva"]
[BlackTeam "Rishon Le Zion Kasparov"]
[WhiteTeamCountry "ISR"]
[BlackTeamCountry "ISR"]

1. d4 {Krasenkow} Nf6 2. c4 g6 3. Nc3 d5 4. cxd5 Nxd5 5. e4 Nxc3 6. bxc3 Bg7 7.
Nf3 c5 8. Rb1 O-O 9. Be2 {I think psychologically a very good choice, it was
clearly sure for me that Garry didn't like to play some popular lines of this
variation, because of his match against Kramnik is very close and there are a
good chances that this line will played there.} b6 10. O-O Bb7 11. Qd3 Ba6 12.
Qe3 Qd7 $5 {'!' Krasenkow. A relatively not so popular continuation in this
position, which first was played in Gelfand-Sokolov 1988, but I believe this
one is not worse than the more common Qc8 or cxd.  Krasenkow: 'As indicated in
CBM74, this is the best option for Black.'} 13. Bxa6 ({Now after this game I
think} 13. Rd1 {is the best move in this position.}) (13. Rd1 cxd4 (13... Qa4
$5 14. Rd2 Bxe2 15. Rxe2 Rc8 16. d5 Nd7 17. Qd3 c4 18. Qd2 Nc5 19. Rb4 Qa6 $13
{Shulman}) 14. cxd4 Qa4 (14... Rc8 $6 15. Bxa6 Nxa6 16. Qb3 Qb7 17. Re1 e6 $2 (
17... Rd8 18. Qa4 Rac8 19. Bf4 Nb8 $14) 18. Bf4 Nb8 19. d5 exd5 20. exd5 Nd7
21. d6 Nc5 22. Qe3 Ne6 23. Be5 Rd8 24. Rbd1 $16 {1-0 Shulman,Y-Malisauskas,V/
Minsk 1994 (40) - CBM42}) 15. Rd2 {[%cal Ge2d1]} (15. Bd2 {Krasenkow} Bxe2 16.
Qxe2 Rc8 17. e5 Na6 18. e6 $5 f6 19. d5 Qc4 20. Qxc4 Rxc4 21. Rbc1 Rxc1 {
Lputian,S-Zilberstein,V/Blagoveshchensk/1988/} 22. Bxc1 {+/=,Shulman,Y} Rd8 23.
Bf4 $1 (23. Ba3 Bf8 {[%csl Rd5][%cal Ra6c7]}) 23... g5 (23... Nc5 24. Rd2) (
23... Nb4 24. d6) 24. Bg3 Nc5 25. Rd2 Ne4 $1 $132) 15... Bxe2 16. Qxe2 Rc8 17.
Qd1 Qxd1+ 18. Rxd1 Nd7 19. Ba3 Kf8 $11 {1/2-1/2 Agrest,E-Malisauskas,V/Paide
EST 1999 (33)} (19... Kf8 20. e5 Rc2 21. Bb2 Rac8 22. Kf1 b5 23. d5 a6 {
1/2-1/2 Agrest,E-Malisauskas,V/15th ECC Gp 1 1999 (33)})) (13. d5 {Krasenkow}
Qa4 14. Bxa6 Nxa6 15. e5 $5 Qxa2 16. Qe4 $44 {Shulman,Y}) (13. dxc5 {Krasenkow}
Bxe2 (13... bxc5 $4 14. Rxb8 Raxb8 15. Bxa6 {1-0 Gelfand,B-Sokolov,I/Oakham
1988 (35)}) 14. Qxe2 bxc5 15. Qc4 Qc7 16. Qd5 Nc6 17. Qxc5 Rfc8 18. Be3 Ne5 19.
Qxc7 Rxc7 20. Nxe5 Bxe5 21. Rfc1 Rac8 22. g3 Bxc3 $11 {1/2-1/2 Comas Fabrego,
L-Vidarte Morales,A/Foment op 1995 (38)}) 13... Nxa6 14. Qe2 (14. Qd3 Qa4 (
14... Nc7 $140 15. d5) (14... Nc7 $5) 15. Bg5 Rfe8 16. d5 c4 17. Qe3 Nc5 18.
Nd4 e6 19. d6 f6 20. Bh4 e5 21. Nb5 Rad8 $13 {1-0 Hummel,P-Gormally,D/Oakham
ENG 2000/The Week in Chess 284 (31)}) 14... Nc7 $1 {[%mdl 8] A new and strong
move in this position, before was played:  Krasenkow: 'Black doesn't hurry
with Qd7-a4'} (14... Qa4 15. Rb3 (15. Bg5 $5 Rfe8 16. d5 Bxc3 17. e5 $44) 15...
cxd4 (15... c4 {Krasenkow} 16. Rb1 $14 {Shulman,Y}) 16. cxd4 (16. Ra3 $2 d3 $1
17. Qxd3 Nc5) 16... Nb4 17. Ba3 Nc6 18. d5 Na5 19. Rd3 (19. Bxe7 Rfe8 20. Ra3
Qc4 $19) 19... Rfe8 20. e5 Nc4 21. Bc1 $14) (14... Qb7 15. h4 $5 {[%cal Gh4h5]}
h5 16. Bf4 Rac8 17. Rfd1 cxd4 18. cxd4 Rc3 19. Be5 Rfc8 20. Bxg7 Kxg7 21. Ng5
$36 {1-0 Barus,C-Supriyanto,T/Jakarta 1997/CBM 58 ext (21)}) 15. Rd1 Rad8 (
15... cxd4 16. cxd4 f5 $5 {deserves serious attention} 17. Qc4+ (17. Ne5 Qe6)
17... e6 (17... Kh8 18. Ba3 {[%cal Gf3e5]} (18. Ng5 fxe4 19. Nf7+ Rxf7 20. Qxf7
Nd5 $19 {[%cal Ga8f8]}) 18... fxe4 $2 19. Ne5) 18. Ba3 Rfd8 19. Re1 fxe4 20.
Rxe4 Nd5 $13) 16. Be3 (16. Bf4 Ne6 17. Be3 cxd4 18. cxd4 f5 19. Qc4 fxe4 (19...
Rc8 20. Qb3 Kh8 (20... fxe4) 21. e5 $14 {[%cal Gd4d5]}) 20. Ng5 Rf6 $13) 16...
Qa4 $1 {Now the black queen is placed here much better, because white has no
idea Rb3-a3. Krasenkow: 'Only now, after Bc1-e3'} 17. Rdc1 (17. Bg5 Rfe8 18.
dxc5 (18. d5 Bxc3) 18... Rxd1+ 19. Qxd1 (19. Rxd1 {Krasenkow} Nb5 $1 $132)
19... Qxe4) (17. dxc5 Qxe4 18. cxb6 Rxd1+ (18... axb6) (18... Nd5) 19. Rxd1
axb6 $15) 17... Rd7 18. Qc2 (18. dxc5 bxc5 $1 (18... Qxe4 $143 19. cxb6 axb6 (
19... Nd5 20. Qb5 $1) 20. c4 {and white has some pressure.}) 19. Bxc5 Ne6 20.
Bb4 (20. Rb4 Nf4 21. Qe3 Qd1+ 22. Rxd1 Rxd1+ 23. Qe1 (23. Ne1 Bxc3 $19)) 20...
Rfd8 {[%cal Ga7a5] with very nice compensation for black} (20... a5 21. Qa6))
18... Qxc2 19. Rxc2 cxd4 20. cxd4 f5 {'!' Krasenkow. Krasenkow: 'This typical
blow is now especially appropriate as the black knight is ready to take the d5
square.'} 21. Rbc1 Nb5 {Krasenkow: 'After this move Black remains with quite a
passive bishop against the knight but this is not enough for White to get any
real advantage.'} (21... Ne6 22. d5 Nc5 23. exf5 (23. Bxc5 fxe4 {'!' Krasenkow.
} 24. Bxe7 (24. Ng5 {Krasenkow} bxc5 25. Ne6 Rf5 26. Rxc5 Rfxd5) 24... Rxe7 25.
Ng5 Bh6) (23. e5 Nd3 24. Rc7 Rxd5 25. Rd1 f4) 23... Rxf5 24. Bxc5 bxc5 25. Rxc5
Rfxd5 $11) 22. e5 (22. exf5 gxf5 23. g3 (23. Ne5 $2 Bxe5 24. dxe5 f4 25. Bd2
Nd4 $19) 23... Nxd4 24. Bxd4 Bxd4 25. Rd2 Rfd8 26. Rcd1 e5 27. Kg2 Rd6 28. Nh4
Rf8 29. Nf3 $11) 22... f4 23. a4 $1 fxe3 24. axb5 (24. fxe3 $2 Bh6 $19) 24...
Bh6 25. Ra1 $1 Rd5 $2 (25... exf2+ 26. Kxf2 Rxd4 27. Rxa7 Rd5 (27... Bg5 28.
Rb7 Re4 29. Re2) 28. Rxe7 Bg5 (28... Rxb5 29. Rcc7 $36) 29. Rb7 Rxe5 30. Rcc7
Bf6 $3 31. Rxh7 (31. Rxb6 $2 Bd8 $19) 31... Rxb5 $11) 26. Rxa7 Rxb5 27. Kf1 $1
{This move was missed by Garry and suddenly black gets in trouble.} Re8 $2 (
27... exf2 28. Kxf2 Re8 $14) 28. fxe3 Bxe3 29. Ke2 Bf4 30. Raa2 $6 (30. Rcc7 $1
{was called for} Kf8 (30... Rb2+ 31. Kd3 Rxg2 32. Rxe7 Rxe7 33. Rxe7 $16) 31.
Kd3 Rb2 (31... Rb3+ 32. Ke4 g5 33. Kf5) (31... Bh6 32. Ke4 Rb4) 32. d5 Rxg2 33.
d6) (30. g3 {Krasenkow} Bh6 31. h4 {[%cal Yf3h2,Yh2g4,Yg3g4,Yg4g5]} Rb3 $1 $132
) 30... Kf7 31. Rcb2 $2 (31. Rab2 Rc8 32. Kd3 Rxc2 33. Rxc2 Rb1 (33... Ke6 $6
34. Ke4 Bh6 35. d5+ $16) 34. Ke4 {still is clearly better for white}) (31. Rc6
$5 {Krasenkow}) 31... Ra5 (31... Ra8) (31... Ra8 $5 {Krasenkow}) 32. Rxa5 bxa5
33. Ra2 Ra8 34. Ra4 {[%cal Gd4d5]} Ke6 $1 {This I missed when I played my
31move, I was sure that black cannot prevent d4-d5, but now black activates
his king and white has to make a draw.} 35. d5+ {Krasenkow: 'White decides to
force a draw. Black should not lose in any case.'} (35. Kd3 {Krasenkow} Kf5 (
35... Kd5 36. g3 Bh6 37. Ng1 {[%cal Yg1e2,Ye2c3]}) 36. g3 Bh6 37. h3 Rb8 $132)
(35. g4 $5 {Krasenkow not allowing ...Kf5} g5 36. Kd3 Kd5 (36... Rb8 37. Rxa5
Rb3+ 38. Ke2 Rb2+ 39. Kd1 Rf2 40. d5+ Kf7 41. Ra3 $16) 37. h3 {[%cal Yf3g1,
Yg1e2,Ye2c3]} Kc6 {[%cal Rc6b5,Ra5a4]} 38. Kc4 Kb6 {[%cal Ya8c8,Yc8c1]}) 35...
Kf5 36. Nh4+ Kxe5 37. Nf3+ Kf5 38. Nh4+ 1/2-1/2

[Event "Excelsior Cup"]
[Site "Gothenburg"]
[Date "1997.??.??"]
[Round "7"]
[White "Gleizerov, Evgeny"]
[Black "Rytshagov, Mikhail"]
[Result "1/2-1/2"]
[WhiteElo "2545"]
[BlackElo "2485"]
[Annotator "Avrukh,B"]
[PlyCount "37"]
[EventDate "1997.01.??"]
[EventType "tourn"]
[EventRounds "9"]
[EventCountry "SWE"]
[EventCategory "9"]
[SourceTitle "CBM 057"]
[Source "ChessBase"]
[SourceDate "1997.04.01"]
[SourceVersion "1"]
[SourceVersionDate "1997.04.01"]
[SourceQuality "1"]

1. d4 Nf6 2. c4 g6 3. Nc3 d5 4. cxd5 Nxd5 5. e4 Nxc3 6. bxc3 Bg7 7. Bb5+ c6 8.
Ba4 b5 9. Bb3 b4 10. Ne2 bxc3 11. Be3 Nd7 (11... O-O) 12. Rc1 (12. O-O) 12...
Ba6 13. e5 (13. f4) 13... Qa5 14. e6 {Glejzerov's novelty,which was introdused
in Glejzerov-Oral 1995.} (14. Qc2 c5 15. f4 cxd4 16. Bxd4 (16. Nxd4 $2 Rc8 $1
17. Ba4 Rc4 18. Bxd7+ Kxd7 19. Nb3 Qc7 20. Qd3+ Kc8 21. Nc5 Rd8 22. Qe2 {
Beliavsky-Tukmakov 1996} Bb5 23. a4 Rd2 $1 24. Qg4+ Bd7 $17) 16... Nc5 17. Bxc5
Qxc5 18. Qxc3 Qxc3+ 19. Nxc3 $14 {Aseev-Dvojris 1993}) 14... fxe6 15. O-O {
I have no answer, why it wasn't play 15Be6 after which,Glejzerov won in
brilliant style in the game Glejzerov-Oral 1995.} (15. Bxe6 Rb8 (15... Rd8 16.
O-O (16. Qb3 Nc5 (16... Rf8 17. Qxc3 Qb5 18. Bc4 Qxc4 19. Qxc4 Bxc4 20. Rxc4 c5
$10) 17. dxc5 c2+ 18. Kf1 Qxa2 $1 19. Re1 Bxe2+ 20. Rxe2 (20. Kxe2 $2 c1=N+ $1
$19) 20... Rd1+ 21. Re1 Qa6+ 22. Bc4 Rxe1+ 23. Kxe1 Qa1+ 24. Kd2 Qxh1 25. Qb8+
Kd7 26. Qxa7+ Kd8 27. Qb8+ Kd7 28. Qb7+ Kd8 29. Kxc2 Qa1 $10 {Beliavsky.})
16... Rf8 17. Qc2 Rf6 18. Bg4 Nb6 19. Rfe1 Nd5 20. Nxc3 Qxc3 21. Qxc3 Nxc3 22.
Rxc3 Rfd6 23. Ra3 Bc8 24. Bxc8 Rxc8 25. Rxa7 $16 {Dao Thien-Calod 1996}) 16.
O-O Rb2 17. Nxc3 $1 (17. Re1 Rd2 $1 $17) 17... Bxf1 (17... Nf8 18. Bb3 Bxf1 19.
Qxf1 $16) 18. Qf3 $1 Bf6 $2 {Bd3 was the only move.} 19. Qxc6 Qd8 20. Nd5 $1
Kf8 21. Kxf1 {1-0 Glejzerov-Oral 1995}) 15... e5 $8 16. Nxc3 (16. Re1 $5 Bxe2
17. Qxe2 Rf8 18. Qc4 $36) 16... exd4 (16... Bxf1 17. Qf3 $1 Kd8 (17... Rf8 18.
Qxc6 Rd8 (18... Rb8 19. Be6 Qd8 20. Nd5 $18) 19. Nd5 $18) 18. d5 $1 Rf8 (18...
c5 19. d6 $18) (18... cxd5 19. Nxd5 $40 {><a8;><e8}) (18... e4 19. Nxe4 Ne5 20.
Qh3 {with idea Nc5 +-;}) 19. Qd1 (19. Qh3 $5 $44) 19... Bb5 20. a4 Rc8 21. axb5
cxb5 22. Bd2 $1 $44) 17. Bxd4 Bxd4 18. Qxd4 Qe5 (18... Rf8 $2 19. Rfe1 $16 {
><e8}) 19. Rfd1 {After 19...Qd4 20Rd4 white have enough compensation for draw.}
1/2-1/2

[Event "Corus-B"]
[Site "Wijk aan Zee"]
[Date "2000.01.27"]
[Round "8"]
[White "Avrukh, Boris"]
[Black "Danailov, Silvio"]
[Result "1-0"]
[WhiteElo "2620"]
[BlackElo "2462"]
[Annotator "Avrukh,B"]
[PlyCount "79"]
[EventDate "2000.01.18"]
[EventType "tourn"]
[EventRounds "11"]
[EventCountry "NED"]
[EventCategory "11"]
[SourceTitle "CBM 075"]
[Source "ChessBase"]
[SourceDate "2000.04.05"]
[SourceVersion "1"]
[SourceVersionDate "2000.04.05"]
[SourceQuality "1"]

1. d4 {Krasenkow,M} Nf6 2. c4 g6 3. Nc3 d5 4. cxd5 Nxd5 5. e4 Nxc3 6. bxc3 Bg7
7. Bb5+ c6 8. Ba4 O-O 9. Ne2 c5 10. d5 $5 $146 {[%mdl 8] After losing three
games in a road in this line (against Timman,I.Sokolov and M.Tseitlin)i I came
with a new idea, and i think interesting idea.The positions,which arises after
this move are very complicated and very interesting for play.  Krasenkow,M: 'A
new move introduced in this game. It looks quite risky as this pawn (after ...
e7-e6xd5 e4xd5) will be rather weak. However, White has a lot of tactical
means to support it.'} (10. O-O Nc6 11. dxc5 Qa5 12. Be3 Rd8 13. Qc2 Ne5 14.
Rfd1 Bd7 15. Bxd7 Nxd7 16. c6 bxc6 17. Nd4 Rac8 18. Rab1 Ne5 {1-0 Hoang Thanh
Trang-Ribshtein,N/Budapest HUN 2000 (40)} (18... c5 $1 19. Nb3 Qxc3 20. Qxc3
Bxc3 21. Nxc5 $11)) 10... e6 11. O-O (11. Be3 b6 (11... exd5 $6 12. Bxc5) (
11... Qa5 $5) 12. Bb3 $5 {Krasenkow,M: 'preventing both 12...exd5 and 12...Ba6'
} Na6 (12... Qc7 $5 {[%cal Yc5c4]}) 13. O-O Nc7 14. Qd2 exd5 15. exd5 Nb5 16.
Bf4 Nd6 17. Ng3 Bb7 18. Rfe1 $14 {1-0 Avrukh,B-Greenfeld,A/Haifa ISR 2000 (31)}
(18. Rfe1 {Krasenkow,M} c4 19. Ba4 b5 20. Bc2 Qb6 21. Be3 Qc7 22. Bd4 f5 23.
Ne2 Rae8 24. Bxg7 Qxg7 25. Nd4 Bc8 26. a4 a6 27. axb5 axb5 28. Qf4 Qf6 29. h4
Bd7 30. Rxe8 Rxe8 31. Ra6 {1-0 Avrukh,B-Greenfeld,A/Wydra mem rapidplay 2000}))
11... exd5 12. exd5 Nd7 {[%cal Gd7b6] Krasenkow,M: 'To keep his central pawn
and consolidate his position, White has to parry a lot of tactical threats 
(now 13...Nb6 14.Bb3 c4).'} (12... b6 $5 {[%cal Gc8a6]}) (12... Bd7 $5 13. Bc2
Re8 {[%cal Gd7b5]} 14. Rb1 b6 15. Bf4 Qf6 {[%cal Ge8e2]} 16. Bg3 h5 $13 {
0-1 Simkin Y-Gerasimchuk Oleg/Kiev Ch 1999 (50)}) 13. Be3 Qa5 (13... b6 14. Bc6
Rb8 15. Qa4 {[%csl Ga7]} Ne5 (15... a6 16. Rab1 $5) 16. Qxa7 Bg4 17. Ng3 Nxc6
18. dxc6 $36) 14. Bb3 Ne5 {[%cal Gc5c4]} (14... Nb6 {Krasenkow,M} 15. c4 $1
Bxa1 16. Qxa1 $44 {[%csl Ra5,Rb6]}) 15. c4 Bf5 {Krasenkow,M: 'Looks formidable
but White manages to defend.'} (15... Ng4 16. Bd2 (16. Bf4 $1 {Krasenkow,M}
Bxa1 17. Qxa1 $44) 16... Qc7 17. Bf4 (17. Bf4 Be5)) (15... b5 $6 {Krasenkow,M
is risky:} 16. Bxc5 Re8 17. cxb5 Qxb5 (17... Nf3+ $2 {doesn't work in view of}
18. gxf3 Bxa1 19. Qxa1 Rxe2 20. Qf6 $18) 18. Bd4 $16 (18. Ba4 Qxc5 19. Bxe8 Bb7
)) 16. Rc1 {'!' Krasenkow,M.} (16. Ng3 $2 Bd3 17. Re1 Bxc4 $17) 16... Nd3 $2 {
The start of dubious idea,which looks for the first sight,like a nice one,but
21 white move completely change the position in white favour.} (16... Rfe8 17.
Ng3 Bg4 {'?' Krasenkow,M.} (17... Bd3 $2 {Krasenkow,M} 18. Re1 {[%csl Rd3]})
18. Qc2 Rad8 19. h3 Bc8 20. Rcd1 $14) 17. Rc2 Nb2 (17... Ne5 18. Rd2 (18. Qd2 {
Krasenkow,M})) 18. Qd2 {'!' Krasenkow,M. Krasenkow,M: 'This tactical trick is
the point of White's defense.'} (18. Rxb2 $2 Bxb2 19. Ng3 Bd7 20. Ne4 Rac8 $17)
18... Qxd2 (18... Qa3 19. Rc3 $1 (19. Rcc1 a5 $1 {[%cal Ga5a4]} 20. Bh6 (20.
Nc3 a4 21. Nb5 Qb4 $15) 20... Bxh6 21. Qxh6 a4 22. Ng3 Bd3 (22... Bd7 23. Ne4
f6 24. Bc2 $36 {[%csl Ga3,Gb2]}) 23. Bc2 Rfe8 $13 (23... Bxf1 24. Nh5 Qc3 25.
Bxg6 $18 {[%cal Gc1c3]})) 19... Rfe8 (19... a5 20. Bh6) (19... Na4 {Krasenkow,M
} 20. Rcc1) (19... Bxc3 20. Qxc3 {[%cal Re3c1]} Na4 21. Bxa4 Qxa4 22. Qf6 Qa6
23. d6 $18) 20. Ng3 Bxc3 (20... Bd7 21. Rb1 $16) 21. Qxc3 Na4 22. Qa1 $1 (22.
Qf6 Qb2 23. Nh5 gxh5 24. Qxf5 Nb6 $13)) 19. Rxd2 b5 {Krasenkow,M: 'Black
continues tactical fight fearing that his b2 knight may be in jeopardy (after
Ne2-g3 etc.).'} (19... Bd3 {Krasenkow,M} 20. Rc1 b5 {was worse as the d3
bishop might be hanging in different variations:} 21. cxb5 c4 22. Bc2 Rfc8 (
22... Rfd8 23. Bxd3 cxd3 24. Nf4) 23. Bd4 Bxe2 (23... Bh6 24. f4) 24. Bxg7 Nd3
25. Rb1 Kxg7 26. Rxe2 Rc5 (26... Rd8 27. Re4) 27. d6 Rd8 28. Re7 $16 {In this
variation the weakness of the a7 pawn becomes an important factor.}) ({On the
other hand, Black must hurry with ...b7-b5. If, say,} 19... Rfd8 {Krasenkow,M
then} 20. a4 (20. Ng3 $2 Bd3 21. Rc1 b5 22. cxb5 c4) {e.g.} 20... Bd7 21. Rb1
Nxa4 22. Bxa4 Bxa4 23. Ra2 Be8 24. Rxb7 $16) 20. cxb5 (20. Bxc5 $143 bxc4 21.
Bxf8 Kxf8 22. Rxb2 Bxb2 23. Bxc4 Rc8 $44) 20... c4 21. Nd4 $1 {This strong
move was missed by my opponent,when he played 16...Nd3.} (21. Bd4 Bxd4 22. Nxd4
c3 23. Re2 Bd3 24. Re3 Bxf1 25. Kxf1 a6 $1 $11 26. bxa6 Rxa6) 21... c3 {
'?' Krasenkow,M. Krasenkow,M: 'White now obtains two strong pawns for the
exchange. Taking into consideration that Black's a7 pawn remains weak, his
defense will be very difficult.'} (21... cxb3 22. Rxb2 Bd3 (22... Be4 {
Krasenkow,M} 23. Rxb3 (23. d6 $6 bxa2 24. Rxa2 Rfd8) 23... Bxd5 24. Ra3 Rfc8 {
Black has good chances to save the game thanks to his bishop pair.}) 23. Rc1
bxa2 24. Rxa2 Bxd4 25. Bxd4 Bxb5 26. Bf6 $16 {[%csl Gd8,Gg8][%cal Gd5d6,Gd6d7]}
) (21... Bd3 22. Rc1) 22. Nxf5 cxd2 (22... gxf5 $142 23. Rc2 Rfd8 {[%csl Gc3]}
24. a4 Rd7 25. g3 $16) 23. Ne7+ {'!' Krasenkow,M.} (23. Nxg7 $143 d1=Q 24. Bxd1
Nxd1 25. Rxd1 (25. Bd4 Rad8 $1 (25... Rfd8 26. Rxd1 Rxd5)) 25... Kxg7 26. d6 {
Krasenkow,M: 'was less convincing. With the text move White keeps his bishop
pair and his knight occupies a strong c6 square. After that Black will be
completely passive and White will easily bring home his advantage.'} (26. a4 {
Krasenkow,M was less convincing. With the text move White keeps his bishop
pair and his knight occupies a strong c6 square. After that Black will be
completely passive and White will easily bring home his advantage.}) 26... Rfd8
$14) 23... Kh8 24. Bxd2 Rfd8 (24... a6 {Krasenkow,M} 25. b6 Bd4 (25... Rab8 26.
Be3) {doesn't work because of} 26. Nc6 Bxb6 27. Bc3+) ({Also} 24... Rfb8 {
Krasenkow,M} 25. a4 a6 {doesn't enable Black to get rid of his weak a-pawn
without letting the white b-pawn move forward:} 26. Nc6 Rb7 27. Na5 Rbb8 28.
Bf4 axb5 $140 29. Bxb8 bxa4 (29... Rxb8 30. Nc6 bxa4 (30... Rb7 31. a5) 31.
Nxb8 axb3 32. Rb1 $18) (29... Rxa5 30. Bc7 Ra7 31. d6 $18) 30. Bc7 axb3 31.
Nxb3 $18) 25. Nc6 Rd7 26. Be3 $1 $18 {[%csl Ga7]} Bf6 27. g4 {[%cal Gg4g5]} g5
(27... Nd3 {Krasenkow,M} 28. g5 Bg7 29. Rd1 Ne5 30. f4 $18) 28. f4 gxf4 29.
Rxf4 Bg7 30. Re4 Nd3 31. Kf1 $6 $138 (31. Nxa7 $142 $1) (31. Ra4) 31... f6 32.
Re6 $6 (32. Nxa7 $1) 32... Ne5 33. h3 $6 (33. g5 Ng4 34. Bxa7 $1) 33... Nf7 {
Krasenkow,M: 'The knight desperately tries to find a strong point for it but
there is none on the board!'} 34. Bd4 f5 $138 {Krasenkow,M: 'Black gives up a
third pawn to get rid of one of White's terrible bishops. '} (34... Ng5 $142
35. Re3 (35. Re3 {(Krasenkow,M) /\ 36.h4} f5 {was perhaps more stubborn.}) (35.
h4 Nxe6 36. dxe6 Rb7 37. e7 Re8)) 35. Bxg7+ Kxg7 36. gxf5 {Krasenkow,M: 'White
now has both decisive material and positional advantage.'} Nd6 (36... Ng5 {
Krasenkow,M} 37. f6+ Kf8 38. h4 $1 Nxe6 39. dxe6 $18) 37. f6+ Kf8 38. Ne5 Rdd8
39. Re7 {[%csl Gf8]} Kg8 (39... Re8 40. Nd7+ (40. Rxh7 {Krasenkow,M} Rxe5 41.
Rh8+ Kf7 42. Rxa8 Kxf6 43. a4 $18) 40... Kg8 41. f7+ Nxf7 42. Nf6+ $18) 40. Bc2
{Krasenkow,M: 'It's now up to Black to find a good reply to 10.d5.'} 1-0

[Event "Biel GM"]
[Site "Biel"]
[Date "2003.07.24"]
[Round "4"]
[White "Bacrot, Etienne"]
[Black "Smirin, Ilia"]
[Result "1-0"]
[WhiteElo "2645"]
[BlackElo "2656"]
[Annotator "Bacrot,E"]
[PlyCount "51"]
[EventDate "2003.07.21"]
[EventType "tourn"]
[EventRounds "11"]
[EventCountry "SUI"]
[EventCategory "16"]
[SourceTitle "CBM 097"]
[Source "ChessBase"]
[SourceDate "2003.11.11"]
[SourceVersion "1"]
[SourceVersionDate "2003.11.11"]
[SourceQuality "1"]

1. d4 Nf6 2. c4 g6 3. Nc3 d5 4. cxd5 Nxd5 5. e4 Nxc3 6. bxc3 Bg7 7. Nf3 c5 8.
Rb1 O-O 9. Be2 b6 10. O-O Bb7 11. Qd3 Ba6 12. Qc2 Qd7 $6 {La seule partie dans
ma base après le coup 12.Dc2, Sasikiran-Goloshchapov 2002 continua par} (12...
cxd4 13. Bxa6 Nxa6 14. cxd4 Qd7 15. Ba3 Rac8 16. Qe2 Qa4 17. Bxe7 Rfe8 18. Bd6
Bxd4 {avec une position incertaine. Mais le GM Krasenkow propose une
amélioration: 18.Fg5! Tc2 19.Dd3 Txa2 20.e5 avec avantage aux blancs.}) 13.
Bxa6 Nxa6 14. d5 $1 $14 c4 15. Ba3 Rfc8 16. Nd4 Bxd4 (16... Nc5 17. Nc6 $16)
17. cxd4 {La veille de la partie, j'ai appelé mon entraîneur Iossif Dorfman et
nous sommes vite arrivés а la conclusion que cette position était forcée après
12...Dd7, avec un net avantage blanc en raison de la position hors-jeu du
cavalier "a6".} b5 (17... c3 18. Qd3 $16) 18. f4 $1 {La préparation s'est
avérée efficace. Mon "premier" coup est tout а fait logique car les pièces
noires ont déserté l'aile-roi.} e6 {Les noirs tentent une réaction au centre!:
si} (18... Rab8 19. f5 b4 20. fxg6 hxg6 21. Qf2 Rf8 22. Bc1 {et les blancs ont
un net avantage. A part la menace directe Fh6, ils peuvent préparer entre
autre Dh4 Tf3-h3.}) 19. dxe6 Qxd4+ {Smirin a commis une erreur de calcul,
c'est pourquoi il n'a pas joué 19...fxe6. mais même après ce coup, 20.Tbd1 b4
21.Fb2! c3 22.Fc1 suivi de f5 donne une très belle initiative aux blancs, sans
contre-jeu pour les noirs.} 20. Kh1 fxe6 21. Rxb5 Qd3 {Mon adversaire joua ce
coup par dépit, il avait prévu} (21... Nc5 {pensant égaliser mais} 22. Rxc5 $3
Rxc5 23. Rd1 Qe3 24. Bc1 {piège la dame au milieu de l'échiquier!}) 22. Qxd3 {
La finale est facilement gagnante.} cxd3 23. Rd1 Rc4 (23... Rab8 24. Rxb8 Rxb8
25. Kg1 $16 {Le pion "d" va tomber.}) 24. Rxd3 Rxe4 25. h3 Rxf4 26. Rb7 {
La menace est Td3-d7, si 26...Ta4 27.Fb2 ou 26...Tf7 27.Txf7 Rxf7 28.Td6! et
le cavalier est perdu. Les noirs abandonnent.} 1-0